000 00715nam a2200265Ia 4500
005 20260121165609.0
008 008 260114s9999 xx 000 0 eng d
020 _a9783319320595
037 _aEBOOK
040 _aCRL
040 _beng
040 _cCRL
041 _2eng
041 _aeng
084 _qCRL
100 _aMukhtar Ahmed, Claudio O. Stockle
_91053699
245 0 _aQuantification of Climate Variability, Adaptation and Mitigation for Agricultural Sustainability
260 _bSpringer
260 _bSpringer
260 _c2017
856 _uhttps://link.springer.com/openurl?genre=book&isbn=978-3-319-32059-5
942 _cEBOOK
999 _c1619425
_d1619425